000 00632nam a2200217Ia 4500
003 OSt
005 20220926020101.0
006 a|||||r|||| 00| 0
007 ta
008 220923b |||||||| |||| 00| 0 eng d
037 _cGeneral Book
040 _aRTL
_cRTL
_beng
041 _2eng
_aeng
082 _aX755.1(X).N6, K6/SC
100 _aMIKESELL Raymond F.
_9116994
245 0 _aPublic International lending for development.
260 _aNew York
_bRandom House Inc.
_c1966
300 _ax,244p.
_ccm.
942 _hX755.1(X).N6, K6/SC
_cGB
_2CC
999 _c633232
_d633232